Andrzej Wajda

Αποθηκεύτηκε σε:
Λεπτομέρειες βιβλιογραφικής εγγραφής
Κύριος συγγραφέας: Trinon, Hadelin (Συγγραφέας)
Μορφή: Βιβλίο
Γλώσσα:Γαλλικά
Έκδοση: París Seghers 1964
Έκδοση:1a. ed
Σειρά:Cinéma D'Aujourd'Hui, 26
Θέματα:
Ετικέτες: Προσθήκη ετικέτας
Δεν υπάρχουν, Καταχωρήστε ετικέτα πρώτοι!

MARC

LEADER 00000cam a2200000 a 4500
001 UCV8315
003 CL-VaPUC
008 910327e19640000FR |||||||||||||||||fre|d
082 0 4 |a 791.4309  |b TRI  |2 21 
100 0 |a Trinon, Hadelin  |e author  |9 302379 
245 1 0 |a Andrzej Wajda 
250 |a 1a. ed 
300 |a 189 p 
942 |c BK 
945 |d 19910327 00:00:00 
260 |a París  |b Seghers  |c 1964 
500 |a Bibliografía: p.187-189. 
600 0 7 |a WAJDA, ANDRZEJ  |2 CL-VaPUC  |9 266435 
650 0 |a Cine  |9 225706 
650 7 |a PRODUCCION Y DIRECCION  |2 CL-VaPUC  |9 302380 
583 |a last modification  |c 20190402 08:51:09  |k Rodrigo Vera 
490 0 |a Cinéma D'Aujourd'Hui, 26 
999 |c 213853  |d 213851 
952 |0 0  |1 0  |3 erb  |4 0  |6 791_430900000000000_TRI_1964  |7 0  |8 A  |9 196639  |a BIBART  |b BIBART  |i 5475813  |o 791.4309 TRI 1964  |p 5475813  |r 2025-03-13  |w 2019-11-14  |y BK  |z Catalogado en:20180615  |k ART